000 00909nam a2200217Ia 4500
003 IN-BaIIA
008 211028s9999 xx 000 0 eng d
020 _a978-0-7354-0596-7
040 _cIIA Library
080 _a52-732(082.1)
_bNAN
111 _a2008 Nanjing Gamma-Ray Burst Conference
_cNanjing
_d2008 June 23-37
_932536
245 0 _a2008 Nanjing gamma-ray burst Conference
_bproceedings of the 2008 Nanjing gamma-ray burst Conference, held in Nanjing, China, 23 - 37 June, 2008
_cedited by Yong-Feng Huang, Zi-Gao Dai and Bing Zhang.
260 _aNew York
_bAmerican Institute of Physics
_c2008
300 _a[various pagings.]
650 _aOptical observations-congresses
_932537
650 _aTwo thousand and eight nanjing gamma-ray burst conferene
_932538
700 _aDai, Zi-Gao., ed.
_932539
700 _aHuang, Yong-Feng., ed.
_932540
700 _aZhang, Bing., ed.
_932541
942 _cBK
999 _c17264
_d17264